| 000 | 00569cam a2200193 a 4500 | ||
|---|---|---|---|
| 001 | 000001413 | ||
| 005 | 20200929145554.0 | ||
| 008 | 740503s1968 sp 001 0 spa | ||
| 040 |
_aDO-SdBNP _bspa _cBNPHU |
||
| 082 |
_a863.6 _bA973m |
||
| 100 | 1 |
_aAyala, Francisco, _d1906-2009 _94726 |
|
| 245 | 1 | 0 |
_aMuertes de perro / _cFrancisco Ayala. |
| 260 |
_aMadrid : _bAlianza, _c1968. |
||
| 300 |
_a236 p. ; _c18 cm. |
||
| 490 | 1 |
_aLibro de bolsillo _v156 |
|
| 650 | 4 |
_aNovela espaƱola _91123 |
|
| 650 | 4 |
_aLiteratura espaƱola _9632 |
|
| 830 | 0 |
_aLibro de bolsillo ; _v156 _94727 |
|
| 999 |
_c1334 _d1334 |
||